000 00381pab a2200157 454500
008 180718b2021 xxu||||| |||| 00| 0 eng d
100 _aPandian, M.S.S.
245 _aCaste in Tamil Nadu - III: Denying difference
260 _c2021
300 _ap.19-20.
362 _a23 Feb
650 _aCaste
773 _aEconomic and Political Weekly
908 _aN
909 _a102009
999 _c102007
_d102007